| 000 | 00498nam a2200169Ia 4500 | ||
|---|---|---|---|
| 005 | 20250423101144.0 | ||
| 008 | 250422s9999 xx 000 0 und d | ||
| 020 | _a9781452205687 | ||
| 050 | _aHQ 535 .A56/ | ||
| 245 | 4 | _aThe annuals of the american academy of political and social science | |
| 260 | _aUnited state | ||
| 260 | _bSage | ||
| 260 | _c2011 | ||
| 300 | _a230 p | ||
| 650 | _aFamilies. World War, 1939-1945--Influence. United States--Social conditions--1933-1945. | ||
| 942 | _cBK | ||
| 999 |
_c35459 _d35459 |
||